| 000 | 02000cad a22002415a 4500 | ||
|---|---|---|---|
| 001 | L144150 | ||
| 008 | 080625s2008 xxk f f000 0 eng d | ||
| 035 | _a(Sirsi) u144150 | ||
| 041 | 0 | _aeng | |
| 050 | 0 | 4 | _a711.26 $2 18 |
| 100 | 1 |
_aPitt, Michael _cSir |
|
| 245 | 0 | 4 |
_aThe Pitt review _blearning the lessons of the 2007 floods _h[electronic resource] |
| 260 |
_aLondon _bCabinet Office _c2008 |
||
| 505 | 2 | _aForeword -- Executive summary -- Context -- Knowing when and where it will flood -- Improved planning and reducing the risk of flooding and its impact -- Being rescued and cared for in an emergency -- Maintaining power and water supplies and protecting essential services -- Better advice and helping people to protect their families and homes -- Recovery -- Oversight, delivery and next steps -- Annexes | |
| 520 | _aFinal report of Sir Michael Pitt's independent review of the flooding emergency of June/July 2007. The report calls for drastic changes in the way the country is adapting to the increased risk of flooding. It calls on the Government to set out publicly how it will make rapid progress, and be held to account, on improving the country's flood resilience. Recommends the UK Government should: establish a Cabinet Committee dedicated to tackling the risk of flooding; publish monthly progress reports; ensure proper resourcing of flood resilience measures; establish a National Resilience Forum to facilitate national level planning; set up pre-planned, rather than ad hoc, financial arrangements for exceptional emergencies; publish an action plan. | ||
| 521 | 2 | 0 | _aAdvanced |
| 590 | _aKA NTK | ||
| 650 | 2 | 4 | _aPITT REVIEW |
| 651 | 4 |
_aUnited Kingdom _y |
|
| 690 | _aENVIRONMENTAL AND LAND CONSULTANCY-WATER RESOURCE MANAGEMENT-FLOODING | ||
| 856 | 4 | 0 |
_uhttps://webarchive.nationalarchives.gov.uk/20100807034701/http://archive.cabinetoffice.gov.uk/pittreview/thepittreview/final_report.html/ _zView this item free of charge at National Archive website. |
| 942 | _n0 | ||
| 999 |
_c108388 _d108388 |
||